<?xml version="1.0" encoding="UTF-8"?>
<record
    xmlns:xsi="http://www.w3.org/2001/XMLSchema-instance"
    xsi:schemaLocation="http://www.loc.gov/MARC21/slim http://www.loc.gov/standards/marcxml/schema/MARC21slim.xsd"
    xmlns="http://www.loc.gov/MARC21/slim">

  <leader>00652nam a22001697a 4500</leader>
  <controlfield tag="008">160127b        xxu||||| |||| 00| 0 eng d</controlfield>
  <datafield tag="082" ind1=" " ind2=" ">
    <subfield code="a">730</subfield>
    <subfield code="b">F941i</subfield>
  </datafield>
  <datafield tag="100" ind1=" " ind2=" ">
    <subfield code="a">Eduardo Frota; Paulo Herkenhoff </subfield>
    <subfield code="9">4577</subfield>
  </datafield>
  <datafield tag="110" ind1=" " ind2=" ">
    <subfield code="a">Museu de Arte Moderna do Rio de Janeiro</subfield>
    <subfield code="9">4578</subfield>
  </datafield>
  <datafield tag="245" ind1=" " ind2=" ">
    <subfield code="a">Eduardo Frota </subfield>
    <subfield code="b"> interven&#xE7;&#xF5;es em tr&#xE2;nsito I, Rio de Janeiro</subfield>
    <subfield code="c">Eduardo Frota; Paulo Herkenhoff </subfield>
  </datafield>
  <datafield tag="260" ind1=" " ind2=" ">
    <subfield code="a">Rio de Janeiro</subfield>
    <subfield code="b">Museu de Arte Moderna</subfield>
    <subfield code="c">2006</subfield>
  </datafield>
  <datafield tag="300" ind1=" " ind2=" ">
    <subfield code="a">40 pag</subfield>
    <subfield code="b">ill; col</subfield>
    <subfield code="c">21cm</subfield>
  </datafield>
  <datafield tag="600" ind1=" " ind2=" ">
    <subfield code="a">Eduardo Frota</subfield>
    <subfield code="9">4579</subfield>
  </datafield>
  <datafield tag="650" ind1=" " ind2=" ">
    <subfield code="a">Exhibiciones </subfield>
    <subfield code="v">Arte-Instalaci&#xF3;n</subfield>
    <subfield code="z">Brasil-Rio de janeiro </subfield>
    <subfield code="9">4580</subfield>
  </datafield>
  <datafield tag="700" ind1=" " ind2=" ">
    <subfield code="a">Eduardo Frota</subfield>
    <subfield code="9">4581</subfield>
  </datafield>
  <datafield tag="700" ind1=" " ind2=" ">
    <subfield code="a"> Paulo Herkenhoff </subfield>
    <subfield code="9">4582</subfield>
  </datafield>
  <datafield tag="999" ind1=" " ind2=" ">
    <subfield code="c">837</subfield>
    <subfield code="d">837</subfield>
  </datafield>
  <datafield tag="952" ind1=" " ind2=" ">
    <subfield code="0">0</subfield>
    <subfield code="1">0</subfield>
    <subfield code="2">ddc</subfield>
    <subfield code="4">0</subfield>
    <subfield code="7">0</subfield>
    <subfield code="a">LV</subfield>
    <subfield code="b">LV</subfield>
    <subfield code="c">Monograf&#xED;as</subfield>
    <subfield code="d">2016-01-27</subfield>
    <subfield code="l">0</subfield>
    <subfield code="o">730 F941i</subfield>
    <subfield code="p">002032</subfield>
    <subfield code="r">2016-01-27 00:00:00</subfield>
    <subfield code="w">2016-01-27</subfield>
    <subfield code="y">01</subfield>
  </datafield>
</record>
